00333nam a2200121Ia 4500008004100000041000800041082001500049100001900064245004500083260004400128300003200172365000700204240624s9999 xx 000 0 und d aeng a658.15 CVI aJAKSA CVITANIC aINTRODUCTION TO THE ECONOMICS AND MATHEM c2007aNew DelhibPrentice-Hall of India axxii, : 520 : p. : cm. ; 25 cRS